000 01469cam a2200361 a 4500
005 20200104041510.0
008 840605s1984 dcua b f001 0 eng
020 _a0895990164
020 _a0521268427 (Cambridge)
040 _aDLC
_cDLC
_dDLC
_dCO-BoIAVH
041 0 _aeng
044 _axxu
082 0 0 _a333.9516
_bA97o
100 1 _aAyensu, Edward S.
245 1 0 _aOur green and living world :
_bthe wisdom to save it /
_cby Edward S. Ayensu ... [et al.] ; a welcome by S. Dillon Ripley ; an introduction by HRH the Prince Philip ; an epilogue by Indira Gandhi ; special photography by Kjell B. Sandved and Edward S. Ayensu.
250 _aPrimera edición
260 _aWashington, D.C. :
_bSmithsonian Institution ;
_aCambridge [Cambridgeshire] ;
_aNew York, N.Y., U.S.A. :
_bCambridge University Press,
_c1984.
300 _a255 páginas :
_bIlustraciones (algunas a color);
_c29 x 22 cm.
500 _aIncluye índice.
504 _aIncluye referencias bibliográficas: páginas 248-249.
650 0 _aNature conservation.
650 0 _aEcology.
650 0 _aConservation of natural resources.
650 1 6 _aEcología
650 2 6 _aDesiertos
650 2 6 _aPastizales
650 2 6 _aLeña
650 2 6 _aConservación de los recursos naturales
700 1 _aHeywood, Vernon H.
710 1 _aLucas, Grenville L.
710 1 _aDefilipps, Robert A.
942 _2ddc
_cLIBRO
999 _c361
_d361